00770nam a2200157 a 4500008004100000050002500041100002400066245020200090260006700292300000900359490004800368500007000416650002200486650005000508710005400558120830s2009 ||||||||||||||||| || u aRIHN(08)SERS/2009/10 aMulenga, Chileshe L10aResilience of rural households and communities to economic shocks, HIV/AIDS and recurrent droughts: The case of households and communities in the Mwami Area, Chipata, ZambiacBy Chileshe L. Mulenga aKyotobResearch Institute for Humanity and Nature (RIHN)c2009 a40p. aSocial-Ecological Resilience Working Papers aWorking paper on social-ecological resilience series No. 2009-010 aRURAL POOR--CHINA aFOOD SECURITY--NORTH WESTERN PROVINCE--ZAMBIA aResearch Institute for Humanity and Nature (RIHN)